Voda sa (pomaly) presadzuje

Vodná doprava síce najpomalšia, ale zároveň najlacnejšia a najekologickejšia. Význam Dunajskej vodnej cesty. Najväčší rozmach bratislavského prístavu pred rokom 1989. Dunajská vodná cesta prepojená na Mohan a Rýn. Veľkoobjemová preprava. Obmedzenia prepravy po rieke.

Guardado en:
Detalles Bibliográficos
Autor principal: Oravec, Jozef
Formato: Capítulo de libro
Lenguaje:eslovaco
Materias:
Etiquetas: Agregar Etiqueta
Sin Etiquetas, Sea el primero en etiquetar este registro!

MARC

LEADER 00000naa a2200000 4500
001 0117712
005 20231011072230.7
041 0 |a slo 
044 |a CZ 
245 1 0 |a Voda sa (pomaly) presadzuje  |c Jozef Oravec 
520 |a Vodná doprava síce najpomalšia, ale zároveň najlacnejšia a najekologickejšia. Význam Dunajskej vodnej cesty. Najväčší rozmach bratislavského prístavu pred rokom 1989. Dunajská vodná cesta prepojená na Mohan a Rýn. Veľkoobjemová preprava. Obmedzenia prepravy po rieke. 
610 2 0 |a doprava vodná 
610 2 0 |a doprava vodná nákladná 
610 2 0 |a doprava riečna 
610 2 0 |a prístavy 
610 2 0 |a tovar 
610 2 0 |a ekológia 
610 2 0 |a logistika 
100 1 |a Oravec, Jozef